banner koha

Projeto febre aftosa. Fevereiro 1978 [bovino, vacina, Parana, Brasil] (Registro n. 268679)

MARC details
000 -LÍDER
campo de controle de tamanho fixo 00969nac a22002897a 4500
001 - NÚMERO DE CONTROLE
campo de controle BR7806443
003 - IDENTIFICADOR DO NÚMERO DE CONTROLE
campo de controle BR-BrBNA
005 - DATA E HORÁRIO DA ÚLTIMA TRANSAÇÃO
campo de controle 20240105114325.0
008 - CAMPO DE DADOS FIXOS--INFORMAÇÃO GERAL
campo de controle de tamanho fixo 230509b bl.|||m| |||| 00| 0 por d
040 ## - FONTE DA CATALOGAÇÃO
Instituição da catalogação original BR-BrBNA
Idioma da catalogação por
Instituição que transcreveu o registro Biblioteca Nacional de Agricultura
072 ## - CÓDIGO DE CATEGORIA DE ASSUNTO
Código de Categoria de Assunto L73
090 ## - NÚMERO DE CHAMADA LOCAL
Número de chamada 5212 BR7806443
110 1# - ENTRADA PRINCIPAL--NOME CORPORATIVO
Nome corporativo ou nome da jurisdição Secretaria de Estado da Agricultura, Curitiba, PR (Brasil). Coordenadoria de Defesa Sanitaria Animal
9 (RLIN) 8813
245 1# - TÍTULO
Título Projeto febre aftosa. Fevereiro 1978 [bovino, vacina, Parana, Brasil]
260 3# - PUBLICAÇÃO, DISTRIBUIÇÃO, ETC.
Local de publicação, distribuição, etc. Curitiba, PR (Brasil):
Data da publicação, distribuição, etc. 1978.
300 ## - DESCRIÇÃO FÍSICA
Extensão 13 p.
490 ## - TÍTULO DA SÉRIE
Título da série Projeto Febre Aftosa - Secretaria de Estado da Agricultura. Coordenadoria de Defesa Sanitaria Animal (Brazil)
Número do volume ou designação sequencial da série v. 5(2)
ISSN - International Standard Serial Number
500 ## - NOTA GERAL
Nota geral Numerical data
650 ## - ASSUNTO--TERMO TÓPICO
Cabeçalho tópico ou nome geográfico AFTOSA
650 ## - ASSUNTO--TERMO TÓPICO
Cabeçalho tópico ou nome geográfico REBANHO
650 ## - ASSUNTO--TERMO TÓPICO
Cabeçalho tópico ou nome geográfico BOVINO
650 ## - ASSUNTO--TERMO TÓPICO
Cabeçalho tópico ou nome geográfico VACINA
650 ## - ASSUNTO--TERMO TÓPICO
Cabeçalho tópico ou nome geográfico DIAGNOSTICO
650 ## - ASSUNTO--TERMO TÓPICO
Cabeçalho tópico ou nome geográfico PARANA
909 ## -
-- 202312
-- Lúcia Elande
-- 55
-- Lúcia Elande
942 ## - ELEMENTOS DE ENTRADA ADICIONADOS (KOHA)
Fonte da classificação ou esquema de arquivamento na estante Classificação AGRIS
Ocultar no OPAC Não
Tipo de material Koha Monografia Seriada
Exemplares
Situação do descarte Fonte da classificação ou esquema de arquivamento na estante Situação física Não pode ser emprestado Coleção Biblioteca de origem Biblioteca atual Localização na estante Total de empréstimos Número de telefone completo Código de barras Data de último acesso Tipo de material Koha Fonte de aquisição
  Classificação AGRIS       Biblioteca Nacional de Agricultura - Binagri Biblioteca Nacional de Agricultura - Binagri Agrobase - Acervo Geral   5212 BR7806443 5212 BR7806443 18/12/2023 Monografia Seriada Portaria Interministerial nº 164/94

BINAGRI

Telefone: (61)3218-2567/2388/3357/2097 - binagri@agro.gov.br

Ministério da Agricultura e Pecuária , Esplanada dos Ministérios, Bloco D, Anexo B, Brasília/DF, CEP: 70.043-900